2013 MLB Managers - Statistics

General Stats
  • This quiz has been taken 708 times
  • The average score is 14 of 30
Answer Stats
Hint Answer % Correct
New York Yankees Joe Girardi
75%
Tampa Bay Rays Joe Maddon
71%
Baltimore Orioles Buck Showalter
70%
Los Angeles Dodgers Don Mattingly
70%
Cleveland Indians Terry Francona
69%
Texas Rangers Ron Washington
65%
Detroit Tigers Brad Ausmus
60%
San Francisco Giants Bruce Bochy
60%
St. Louis Cardinals Mike Matheny
60%
Cincinnati Reds Bryan Price
58%
Boston Red Sox John Farrell
58%
Atlanta Braves Fredi Gonzalez
55%
Arizona Diamondbacks Kirk Gibson
55%
Kansas City Royals Ned Yost
51%
Minnesota Twins Ron Gardenhire
49%
Pittsburgh Pirates Clint Hurdle
46%
Chicago White Sox Robin Ventura
46%
Philadelphia Phillies Ryne Sandberg
44%
San Diego Padres Bud Black
41%
Washington Nationals Matt Williams
41%
New York Mets Terry Collins
39%
Oakland Athletics Bob Melvin
36%
Los Angeles Angels Mike Scioscia
36%
Toronto Blue Jays John Gibbons
30%
Chicago Cubs Rick Renteria
29%
Houston Astros Bo Porter
26%
Colorado Rockies Walt Weiss
22%
Miami Marlins Mike Redmond
21%
Seattle Mariners Lloyd McClendon
18%
Milwaukee Brewers Ron Roenicke
17%
No matching quizzes found
Score Distribution
Percent of People with Each Score
Percentile by Number Answered
Your Score History
You have not taken this quiz